[Event "Thessaloniki-Chalkidiki-chT"]
[Site "Thessaloniki"]
[Date "2022.04.02"]
[Round "7"]
[White "Hidzos, Georgios"]
[Black "Bontzorlos, Zafiris"]
[Result "1-0"]
[WhiteElo "1731"]
[BlackElo "1418"]
[PlyCount "65"]
[EventDate "2022.02.20"]
[EventType "team-tourn"]
[EventRounds "7"]
[EventCountry "GRE"]
[SourceTitle "EXT 2024"]
[Source "ChessBase"]
[SourceDate "2023.10.10"]
[SourceVersion "1"]
[SourceVersionDate "2023.10.10"]
[SourceQuality "1"]

1. e4 e5 2. Nf3 Nc6 3. Bb5 a6 4. Ba4 Nf6 5. 0-0 Be7 6. Re1 b5 7. Bb3 0-0 8. d4 d6 9. c3 Bg4 10. d5 Na5 11. Bc2 c5 12. h3 Bh5 13. Nbd2 Nb7 14. Nf1 Ne8 15. Ng3 Bxf3 16. Qxf3 g6 17. Bh6 Ng7 18. Qg4 Re8 19. f4 exf4 20. Qxf4 Bf8 21. Rf1 Qe7 22. Bg5 Qd7 23. b3 Re5 24. Rf3 Ra7 25. Bf6 Re8 26. c4 bxc4 27. bxc4 Na5 28. Bd3 Qa4 29. e5 dxe5 30. Bxe5 Rae7 31. Bc3 Nb7 32. Ne4 Nh5 33. Nf6+ 1-0